| 000 | 00516 a2200181 4500 | ||
|---|---|---|---|
| 003 | OSt | ||
| 005 | 20231215103146.0 | ||
| 008 | 231215b |||||||| |||| 00| 0 eng d | ||
| 020 | _a9789380884615 | ||
| 040 | _coclc | ||
| 082 |
_a894.8123 _bSRE/M |
||
| 100 |
_aSreeraman, C V _97951 |
||
| 245 |
_aMalayalathinte Suvarnakathakal / _cC.V. Sreeraman |
||
| 250 | _a1st ed. | ||
| 260 |
_bGreen Books, _aThrissur: _c2011. |
||
| 300 | _a200p. | ||
| 942 |
_2ddc _cBK _h894.8123 _iSRE/M _k894.8123 _mSRE/M |
||
| 999 |
_c44141 _d44141 |
||